Encyclopedia of Applied information systems V-2 (Record no. 10670)

000 -LEADER
fixed length control field 00415 a2200145 4500
020 ## - INTERNATIONAL STANDARD BOOK NUMBER
International Standard Book Number 81-7880-108-6
040 ## - CATALOGING SOURCE
Original cataloging agency DLC
Language of cataloging DLC
082 ## - DEWEY DECIMAL CLASSIFICATION NUMBER
Classification number 004.03
245 ## - TITLE STATEMENT
Title Encyclopedia of Applied information systems V-2
Statement of responsibility, etc. Aishwarya Anand
260 ## - PUBLICATION, DISTRIBUTION, ETC.
Place of publication, distribution, etc. New Delhi
Name of publisher, distributor, etc. Rajat Publications
Date of publication, distribution, etc. 2003
300 ## - PHYSICAL DESCRIPTION
Extent 287p.
Other physical details :ill.
Dimensions ;20cm
500 ## - GENERAL NOTE
General note 4 volume set
700 ## - ADDED ENTRY--PERSONAL NAME
Personal name Aishwarya Anand and Archana Singh
942 ## - ADDED ENTRY ELEMENTS (KOHA)
Koha item type Book
Call number prefix 004.03 ANA
Source of classification or shelving scheme
Holdings
Withdrawn status Lost status Damaged status Not for loan Collection code Permanent Location Current Location Shelving location Date acquired Source of acquisition Cost, normal purchase price Full call number Barcode Date last seen Price effective from Koha item type
          Central Library (CL) Central Library (CL) First Floor - Computer Science 05/19/2004 Pak Book Corporation 1007.25 004.03 ANA SEECS004507 11/14/2012 01/05/2017 Reference
© 2023 Central Library, National University of Sciences and Technology. All Rights Reserved.